000
00305nam a22001217a 4500
020
_a
07-044843-4
082
_a
621.381537 MCC'I
100
_a
MCCLUSKEY, E. J
_9
77092
245
_a
INTRODUCTION TO THE THEORY OF SWITCHING CIRCUITS
260
_a
NEWYORK
_b
MCGRAW HILL
_c
1965
300
_a
318P
942
_c
BK
999
_c
582417
_d
582417